Epistemologia e verità nel XX Secolo: un dialogo con Popper, Bachelard, Tommaso d' Aquino

محفوظ في:
التفاصيل البيبلوغرافية
المؤلف الرئيسي: Salucci, Alessandro (مؤلف)
التنسيق: كتاب
اللغة:الإيطالية
منشور في: Roma Agelicum University Press 2005
الموضوعات:
الوسوم: إضافة وسم
لا توجد وسوم, كن أول من يضع وسما على هذه التسجيلة!

MARC

LEADER 00000cam a2200000 a 4500
001 UCF2864
003 CL-VaPUC
008 120910e20050000IT |||||||||||||||||ita|d
020 |a 8888660046 
082 0 4 |a 121  |b SAL  |2 21 
100 0 |a Salucci, Alessandro  |e author  |9 564698 
245 1 0 |a Epistemologia e verità nel XX Secolo: un dialogo con Popper, Bachelard, Tommaso d' Aquino 
300 |a 396 p 
942 |c BK 
945 |d 20120910 00:00:00  |a dcastane 
260 |a Roma  |b Agelicum University Press  |c 2005 
650 0 |a Epistemología   |9 264994 
650 0 |a Filosofía de las ciencias  |9 256466 
650 0 |a Teoría del conocimiento   |9 255038 
650 0 |a Verdad  |9 313815 
583 |a last modification  |c 20120910 11:39:00  |k Rodrigo Vera 
999 |c 349402  |d 349400 
952 |0 0  |1 0  |4 0  |6 121_000000000000000_SAL_2005  |7 0  |8 A  |9 452013  |a BIBEDU  |b BIBEDU  |c ES_NOD  |d 2019-11-22  |i 4902483  |o 121 SAL 2005  |p 4902483  |r 2023-08-09  |w 2019-11-22  |y BK  |k FIL